000 00285nam a2200109Ia 4500
001 1263916
005 20260417141928.0
008 260417s9999 xx 000 0 und d
020 _a9786258159851
245 0 _aDağlar Yıkıldığında
_cCengiz Aytmatov
260 _bKetebe Yayınları
999 _c1263916
_d1263916